[Event "Marienbad Open 2022 - C FIDE Open"]
[Site "Continental hotel, Marianske Lazne"]
[Date "2022.01.22"]
[Round "9"]
[Board "7"]
[White "Paseka, Matyas"]
[Black "Van Herck, Marcel"]
[Result "1/2-1/2"]
[WhiteElo "2052"]
[BlackElo "1983"]
[PlyCount "69"]
[EventDate "2022.01.15"]
[EventRounds "9"]
[EventCountry "CZE"]

1. e4 e6 2. d4 d5 3. Nd2 c5 4. exd5 Qxd5 5. Ngf3 cxd4 6. Bc4 Qd7 7. O-O Nf6 8.
Nb3 Nc6 9. Nbxd4 Nxd4 10. Nxd4 a6 11. a4 Bc5 12. Nb3 Qxd1 13. Rxd1 Bb6 14. a5
Ba7 15. Kf1 Bd7 16. f3 Bc6 17. Bg5 Rc8 18. Be2 Bd5 19. Rac1 Bxb3 20. cxb3 Rxc1
21. Rxc1 Kd7 22. Bxf6 gxf6 23. f4 Be3 24. Rd1+ Kc7 25. g3 Rd8 26. Rxd8 Kxd8 27.
Bh5 Bd2 28. Bxf7 Ke7 29. Bg8 h6 30. Bh7 f5 31. Bg6 Bxa5 32. Bh5 Bb4 33. Bf3 b6
34. Be2 a5 35. Bc4  1/2-1/2

[Event "Marienbad Open 2022 - C FIDE Open"]
[Site "Continental hotel, Marianske Lazne"]
[Date "2022.01.22"]
[Round "9"]
[Board "8"]
[White "Vana, Jan"]
[Black "Azhar, Puteri Rifqah Fahada"]
[Result "0-1"]
[WhiteElo "1566"]
[BlackElo "1939"]
[PlyCount "78"]
[EventDate "2022.01.15"]
[EventRounds "9"]
[EventCountry "CZE"]

1. e4 c5 2. b4 cxb4 3. a3 d5 4. exd5 Qxd5 5. Nf3 Nf6 6. c4 bxc3 7. Nxc3 Qa5 8.
Bc4 e6 9. O-O Be7 10. Bb2 Nc6 11. d4 O-O 12. Re1 Rd8 13. Ne4 h6 14. Bc3 Qc7 15.
Qe2 Nd5 16. Ne5 Nxe5 17. dxe5 b5 18. Bxd5 exd5 19. Nf6+ Bxf6 20. exf6 Qxc3 21.
fxg7 Qxg7 22. Rab1 a6 23. Rb3 Bf5 24. h4 Kh7 25. Rg3 Qf6 26. Rf3 Rg8 27. Qd2
Qg6 28. Rg3 Qc6 29. Rf3 d4 30. Kh1 Rxg2 31. Qf4 Rxf2 32. Qxf5+ Kh8 33. Qe5+ f6
34. Qe8+ Rxe8 35. Rxe8+ Qxe8 36. Rxf2 d3 37. a4 bxa4 38. h5 Qe1+ 39. Kg2 Qxf2+
 0-1

[Event "Marienbad Open 2022 - C FIDE Open"]
[Site "Continental hotel, Marianske Lazne"]
[Date "2022.01.22"]
[Round "9"]
[Board "9"]
[White "Peglau, Dora"]
[Black "Borisek, Anze"]
[Result "0-1"]
[WhiteElo "1926"]
[BlackElo "1895"]
[PlyCount "94"]
[EventDate "2022.01.15"]
[EventRounds "9"]
[EventCountry "CZE"]

1. d4 d5 2. c4 c6 3. Nf3 e6 4. Nc3 f5 5. Bf4 Nf6 6. e3 Bd6 7. Bd3 O-O 8. O-O
Ne4 9. Qc2 g5 10. Bxd6 Nxd6 11. Ne5 Nd7 12. cxd5 exd5 13. f4 Ne4 14. g4 gxf4
15. exf4 Qb6 16. Ne2 Nxe5 17. fxe5 Kh8 18. Rf4 Rg8 19. Raf1 Be6 20. h3 fxg4 21.
hxg4 Rxg4+ 22. Rxg4 Bxg4 23. Bxe4 Bxe2 24. Rf2 Rg8+ 25. Bg2 Bg4 26. Qd2 Qd8 27.
Qh6 Qg5 28. Qf6+ Qxf6 29. Rxf6 Bh3 30. Rf2 Bxg2 31. Rxg2 Rxg2+ 32. Kxg2 Kg8 33.
Kg3 Kf7 34. Kf4 Ke6 35. b4 b6 36. a3 h5 37. Kg5 c5 38. bxc5 bxc5 39. dxc5 Kxe5
40. Kxh5 d4 41. Kg4 Kd5 42. c6 Kxc6 43. Kf3 Kc5 44. Ke2 Kc4 45. Kd2 Kb3 46. Kd3
Kxa3 47. Kxd4 Kb4  0-1

[Event "Marienbad Open 2022 - C FIDE Open"]
[Site "Continental hotel, Marianske Lazne"]
[Date "2022.01.22"]
[Round "9"]
[Board "10"]
[White "Landstorfer, Franz-Robert"]
[Black "Kastner, Jan"]
[Result "0-1"]
[WhiteElo "1805"]
[BlackElo "2001"]
[PlyCount "128"]
[EventDate "2022.01.15"]
[EventRounds "9"]
[EventCountry "CZE"]

1. Nf3 d5 2. b4 Nf6 3. Bb2 Bf5 4. e3 e6 5. a3 Nbd7 6. d3 c5 7. bxc5 Bxc5 8.
Nbd2 Rc8 9. Be2 O-O 10. O-O Bg4 11. Rb1 Qc7 12. d4 Bd6 13. Rc1 Ne4 14. Nxe4
dxe4 15. Nd2 Bxh2+ 16. Kh1 Bxe2 17. Qxe2 f5 18. g3 Bxg3 19. fxg3 Qxg3 20. Rf2
Rf6 21. Nf1 Rh6+ 22. Rh2 Rxh2+ 23. Nxh2 Nf6 24. Rg1 Qh3 25. d5 Ng4 26. dxe6 g6
27. Bd4 Nxh2 28. Qxh2 Qf3+ 29. Qg2 Qh5+ 30. Qh2 Qxh2+ 31. Kxh2 Rxc2+ 32. Kg3
Rc6 33. Kf4 Rxe6 34. Bxa7 h6 35. Bd4 Ra6 36. Rb1 Ra5 37. Be5 b5 38. Bd6 Kf7 39.
Bb4 Ra7 40. Ke5 Rb7 41. Bc5 Rb8 42. Bd6 Re8+ 43. Kd5 h5 44. Rxb5 g5 45. Kc6 Kg6
46. Kd7 Ra8 47. Ke6 Ra6 48. Kd5 h4 49. Rb1 g4 50. Bf4 g3 51. Rg1 Rxa3 52. Bxg3
hxg3 53. Rxg3+ Kf6 54. Rh3 Rd3+ 55. Kc4 Kg5 56. Rg3+ Kh4 57. Rg8 Rxe3 58. Kd5
Rg3 59. Rh8+ Kg4 60. Ke5 Kf3 61. Kxf5 e3 62. Re8 e2 63. Re7 Kf2 64. Kf4 Rg1  0-1

[Event "Marienbad Open 2022 - D Seniors Open"]
[Site "Continental hotel, Marianske Lazne"]
[Date "2022.01.15"]
[Round "1"]
[Board "1"]
[White "Adrian, Claude"]
[Black "Prachar, Josef"]
[Result "1-0"]
[WhiteElo "2180"]
[BlackElo "1792"]
[PlyCount "49"]
[EventDate "2022.01.15"]
[EventRounds "9"]
[EventCountry "CZE"]

1. Nf3 Nf6 2. c4 e6 3. g3 d5 4. d4 Bb4+ 5. Bd2 Bxd2+ 6. Qxd2 O-O 7. Bg2 Ne4 8.
Qc2 Nc6 9. O-O Qf6 10. Nc3 Nxc3 11. Qxc3 Qe7 12. Rac1 a5 13. Rfd1 Nb4 14. cxd5
exd5 15. Qxc7 Qxe2 16. Rd2 Qe8 17. a3 Nc6 18. Ne5 Ne7 19. Rc5 Qd8 20. Re2 b6
21. Nxf7 Qxc7 22. Rxc7 Rxf7 23. Rexe7 Rxe7 24. Rxe7 Kf8 25. Bxd5  1-0

[Event "Marienbad Open 2022 - D Seniors Open"]
[Site "Continental hotel, Marianske Lazne"]
[Date "2022.01.15"]
[Round "1"]
[Board "2"]
[White "Dupak, Jaroslav"]
[Black "Hulshof, Peter"]
[Result "0-1"]
[WhiteElo "1781"]
[BlackElo "2138"]
[PlyCount "30"]
[EventDate "2022.01.15"]
[EventRounds "9"]
[EventCountry "CZE"]

1. d4 g6 2. Nf3 Bg7 3. c3 d6 4. Bf4 Nf6 5. e3 O-O 6. Bd3 Nbd7 7. O-O Qe8 8.
Nbd2 e5 9. dxe5 dxe5 10. Bg3 e4 11. Bxe4 Nxe4 12. Bxc7 Nxd2 13. Qxd2 Ne5 14.
Nxe5 Bxe5 15. Ba5 Bxh2+  0-1

[Event "Marienbad Open 2022 - D Seniors Open"]
[Site "Continental hotel, Marianske Lazne"]
[Date "2022.01.15"]
[Round "1"]
[Board "3"]
[White "Palek, Miroslav"]
[Black "Truksa, Vaclav"]
[Result "1-0"]
[WhiteElo "2115"]
[BlackElo "1766"]
[PlyCount "59"]
[EventDate "2022.01.15"]
[EventRounds "9"]
[EventCountry "CZE"]

1. e4 c5 2. Nf3 d6 3. d4 cxd4 4. Qxd4 Nc6 5. Bb5 Bd7 6. Bxc6 Bxc6 7. Nc3 e5 8.
Qd3 Nf6 9. Bg5 Be7 10. O-O-O Qc7 11. Bxf6 gxf6 12. Nh4 Rc8 13. Nf5 Rg8 14. g3
a6 15. Nxd6+ Bxd6 16. Qxd6 Qxd6 17. Rxd6 f5 18. Re1 Rg6 19. Rxg6 hxg6 20. exf5
Ke7 21. fxg6 fxg6 22. Rxe5+ Kf6 23. f4 Rd8 24. Ne4+ Kf7 25. Ng5+ Kf6 26. Re6+
Kf5 27. h3 Bd5 28. Re3 Bg8 29. Re7 Bd5 30. Nh7  1-0

[Event "Marienbad Open 2022 - D Seniors Open"]
[Site "Continental hotel, Marianske Lazne"]
[Date "2022.01.15"]
[Round "1"]
[Board "4"]
[White "Aird, Ian"]
[Black "Yakimenko, Alexander A."]
[Result "0-1"]
[WhiteElo "1745"]
[BlackElo "2055"]
[PlyCount "50"]
[EventDate "2022.01.15"]
[EventRounds "9"]
[EventCountry "CZE"]

1. e4 e6 2. d3 d5 3. Nd2 Nf6 4. Ngf3 Be7 5. g3 b6 6. Bg2 Bb7 7. O-O c5 8. Re1
Qc7 9. a3 Nc6 10. c3 dxe4 11. dxe4 e5 12. Nc4 Rd8 13. Qa4 O-O 14. Bg5 Rfe8 15.
Ne3 Nxe4 16. Bxe7 Nxe7 17. Ng4 Bc6 18. Qc2 Ng6 19. Nfxe5 Nxe5 20. Nxe5 Qxe5 21.
f3 Rd2 22. Qc1 Red8 23. fxe4 c4 24. Kh1 f5 25. Re3 Rf2  0-1

[Event "Marienbad Open 2022 - D Seniors Open"]
[Site "Continental hotel, Marianske Lazne"]
[Date "2022.01.15"]
[Round "1"]
[Board "5"]
[White "Malinovsky, Petr"]
[Black "Molnar, Ladislav"]
[Result "1-0"]
[WhiteElo "1979"]
[BlackElo "1740"]
[PlyCount "49"]
[EventDate "2022.01.15"]
[EventRounds "9"]
[EventCountry "CZE"]

1. d4 Nf6 2. c4 e6 3. Nc3 Bb4 4. e3 d5 5. Nge2 O-O 6. a3 Bxc3+ 7. Nxc3 dxc4 8.
Bxc4 Nd5 9. e4 Nxc3 10. bxc3 Nd7 11. O-O c5 12. f4 cxd4 13. cxd4 Nf6 14. Qd3 b6
15. Bb2 Bb7 16. Rae1 Rc8 17. Ba2 Re8 18. Bb1 g6 19. d5 Nd7 20. dxe6 fxe6 21.
Qd4 e5 22. Ba2+ Kg7 23. fxe5 Rf8 24. e6+ Nf6 25. Qxd8  1-0

[Event "Marienbad Open 2022 - D Seniors Open"]
[Site "Continental hotel, Marianske Lazne"]
[Date "2022.01.15"]
[Round "1"]
[Board "15"]
[White "Jeute, Peter"]
[Black "Rychtecky, Pavel"]
[Result "1/2-1/2"]
[WhiteElo "1885"]
[BlackElo "1491"]
[PlyCount "47"]
[EventDate "2022.01.15"]
[EventRounds "9"]
[EventCountry "CZE"]

1. d4 Nf6 2. Nf3 e6 3. e3 b6 4. Bd3 Bb7 5. O-O d5 6. Nbd2 Be7 7. Qe2 O-O 8. e4
dxe4 9. Nxe4 Nbd7 10. Nxf6+ Nxf6 11. c3 Rc8 12. Bf4 c5 13. dxc5 Rxc5 14. Rad1
Qa8 15. Rfe1 Bxf3 16. gxf3 Rd8 17. Bc2 Rcd5 18. Bb3 Rxd1 19. Rxd1 Rxd1+ 20.
Qxd1 Qd8 21. Qe2 a5 22. Qb5 Bc5 23. Qc6 h6 24. Qb5  1/2-1/2

[Event "Marienbad Open 2022 - D Seniors Open"]
[Site "Continental hotel, Marianske Lazne"]
[Date "2022.01.15"]
[Round "1"]
[Board "19"]
[White "Panos, Jan"]
[Black "Bastyr, Pavel"]
[Result "1-0"]
[WhiteElo "1853"]
[BlackElo "1411"]
[PlyCount "29"]
[EventDate "2022.01.15"]
[EventRounds "9"]
[EventCountry "CZE"]

1. d4 Nf6 2. Bf4 e6 3. Nf3 Nc6 4. e3 Bd6 5. Ne5 Bxe5 6. dxe5 Nd5 7. Bg3 Qg5 8.
c4 Nb6 9. Nc3 Qe7 10. a3 a5 11. Nb5 Qd8 12. Bd3 Ra6 13. O-O Na7 14. Qg4 Rg8 15.
Bxh7  1-0

[Event "Marienbad Open 2022 - D Seniors Open"]
[Site "Continental hotel, Marianske Lazne"]
[Date "2022.01.16"]
[Round "2"]
[Board "1"]
[White "Sobotnik, Petr"]
[Black "Adrian, Claude"]
[Result "0-1"]
[WhiteElo "1914"]
[BlackElo "2180"]
[PlyCount "90"]
[EventDate "2022.01.15"]
[EventRounds "9"]
[EventCountry "CZE"]

1. d4 Nf6 2. Bf4 d5 3. Nf3 e6 4. e3 Bd6 5. Bg3 c5 6. c3 Qc7 7. Nbd2 Nbd7 8. Bd3
O-O 9. Rc1 e5 10. dxe5 Nxe5 11. Nxe5 Bxe5 12. Nf3 Bxg3 13. hxg3 Re8 14. Kf1 h6
15. Rh4 Bg4 16. Qa4 c4 17. Bb1 b5 18. Qc2 Bxf3 19. gxf3 Rab8 20. Kg2 b4 21. Qd2
bxc3 22. Qxc3 Qb7 23. Rc2 Re6 24. b3 cxb3 25. axb3 Qxb3 26. Qxb3 Rxb3 27. Ba2
Rb8 28. Rd4 Rb5 29. Ra4 a5 30. Rd4 Ra6 31. Rc8+ Kh7 32. e4 dxe4 33. fxe4 Ra7
34. Ra4 g5 35. f4 g4 36. Rc2 Kg7 37. Kf2 Rd7 38. Re2 Rd3 39. Kg2 Nh5 40. Bc4
Rxg3+ 41. Kf2 Rf3+ 42. Ke1 Rb1+ 43. Kd2 Rxf4 44. Kc2 Rb4 45. Rxb4 axb4  0-1

[Event "Marienbad Open 2022 - D Seniors Open"]
[Site "Continental hotel, Marianske Lazne"]
[Date "2022.01.16"]
[Round "2"]
[Board "2"]
[White "Hulshof, Peter"]
[Black "Voegerl, Ronald"]
[Result "1/2-1/2"]
[WhiteElo "2138"]
[BlackElo "1904"]
[PlyCount "22"]
[EventDate "2022.01.15"]
[EventRounds "9"]
[EventCountry "CZE"]

1. e4 d5 2. exd5 Nf6 3. Nf3 Nxd5 4. d4 Bg4 5. Be2 e6 6. O-O Be7 7. h3 Bxf3 8.
Bxf3 c6 9. c4 Nb6 10. Qd3 N8d7 11. Nc3 Ne5  1/2-1/2

[Event "Marienbad Open 2022 - D Seniors Open"]
[Site "Continental hotel, Marianske Lazne"]
[Date "2022.01.16"]
[Round "2"]
[Board "3"]
[White "Sielicki, Tomasz"]
[Black "Palek, Miroslav"]
[Result "0-1"]
[WhiteElo "1876"]
[BlackElo "2115"]
[PlyCount "88"]
[EventDate "2022.01.15"]
[EventRounds "9"]
[EventCountry "CZE"]

1. d4 Nf6 2. c4 c5 3. d5 e5 4. Nc3 d6 5. e4 Be7 6. g3 Nbd7 7. Bg2 Nf8 8. h4 h5
9. Bh3 Ng4 10. Nge2 Ng6 11. f3 Nxh4 12. fxg4 hxg4 13. gxh4 Bxh4+ 14. Kd2 gxh3
15. Kc2 g5 16. Be3 f5 17. exf5 Bxf5+ 18. Kd2 Qd7 19. Qg1 O-O-O 20. Ng3 Bg6 21.
Nge4 Bxe4 22. Nxe4 Qf5 23. Nxd6+ Rxd6 24. Rf1 Qe4 25. Bxc5 Rd7 26. Bxa7 Qxc4
27. Rc1 Rxd5+ 28. Bd4 Be1+ 29. Qxe1 Rxd4+ 30. Ke3 Re4+ 31. Kf3 Rf4+ 32. Ke3
Re4+ 33. Kf3 Rf8+ 34. Kg3 Rg4+ 35. Kh2 Rg2+ 36. Kxh3 Rc2 37. Rxc2 Qxc2 38. Qc3+
Qxc3+ 39. bxc3 Rh8+ 40. Kg2 Rxh1 41. Kxh1 e4 42. Kg2 g4 43. Kg3 e3 44. a4 Kc7
 0-1

[Event "Marienbad Open 2022 - D Seniors Open"]
[Site "Continental hotel, Marianske Lazne"]
[Date "2022.01.16"]
[Round "2"]
[Board "4"]
[White "Yakimenko, Alexander A."]
[Black "Panos, Jan"]
[Result "1/2-1/2"]
[WhiteElo "2055"]
[BlackElo "1853"]
[PlyCount "120"]
[EventDate "2022.01.15"]
[EventRounds "9"]
[EventCountry "CZE"]

1. e4 e5 2. Nf3 Nf6 3. d4 Nxe4 4. Bd3 d5 5. Nxe5 Nd7 6. O-O Nxe5 7. dxe5 Bf5 8.
Qf3 Bg6 9. c4 f5 10. exf6 Nxf6 11. Re1+ Be7 12. Bxg6+ hxg6 13. Nc3 c6 14. cxd5
cxd5 15. Qd3 Kf7 16. Bg5 Qd6 17. h4 Rad8 18. Rad1 Rhe8 19. Nb5 Qb6 20. Be3 Bc5
21. Nd4 Re4 22. Nf3 Bxe3 23. fxe3 Kg8 24. Ng5 Rxh4 25. Qxg6 Qc7 26. Nf3 Rg4 27.
Qf5 Qc8 28. Qd3 Ne4 29. Re2 Qf5 30. Rf1 Qh5 31. Rc2 Ng3 32. Nh2 Nxf1 33. Nxg4
Qxg4 34. Kxf1 Rf8+ 35. Rf2 Qc4 36. Qxc4 dxc4 37. Rf3 Rf6 38. Ke2 Rb6 39. b3
cxb3 40. axb3 Rxb3 41. Rf1 a5 42. e4 a4 43. e5 a3 44. Kd2 Rb5 45. e6 Re5 46.
Ra1 Ra5 47. Rf1 a2 48. e7 Ra8 49. Kc3 Re8 50. Ra1 Rxe7 51. Rxa2 g6 52. Kd4 Kf7
53. Rb2 Kf6 54. Rb5 Kg7 55. Kd3 Kh6 56. g3 Kg7 57. Kd4 Kf6 58. g4 Ke6 59. Rb6+
Kf7 60. g5 Kg7  1/2-1/2

[Event "Marienbad Open 2022 - D Seniors Open"]
[Site "Continental hotel, Marianske Lazne"]
[Date "2022.01.16"]
[Round "2"]
[Board "5"]
[White "Palkova, Hana"]
[Black "Malinovsky, Petr"]
[Result "1-0"]
[WhiteElo "1855"]
[BlackElo "1979"]
[PlyCount "57"]
[EventDate "2022.01.15"]
[EventRounds "9"]
[EventCountry "CZE"]

{[%evp 0,28,19,31,19,-9,56,-3,-3,-3,-1,-32,-1,-32,11,22,104,88,143,41,134,117,
218,218,215,138,352,283,262,163,723]} 1. d4 d5 2. c4 e5 3. cxd5 Qxd5 4. e3 exd4
5. exd4 Nc6 6. Be3 Bf5 7. Nc3 Qa5 8. a3 O-O-O 9. Nge2 Nf6 10. b4 Bxb4 11. axb4
Qxb4 12. Ra4 Qe7 13. Ng3 Bg6 14. Bb5 Rxd4 15. Rxd4 Nxd4 16. Qxd4 Rd8 17. Qxa7
c6 18. Bxc6 Qb4 19. Bxb7+ Qxb7 20. Qxb7+ Kxb7 21. O-O Rd3 22. Rc1 h5 23. h3 h4
24. Nge2 Nh5 25. Nd4 Bh7 26. Ncb5 g5 27. Nd6+ Ka6 28. Nc4 g4 29. Ra1+  1-0

[Event "Marienbad Open 2022 - D Seniors Open"]
[Site "Continental hotel, Marianske Lazne"]
[Date "2022.01.17"]
[Round "3"]
[Board "1"]
[White "Adrian, Claude"]
[Black "Palkova, Hana"]
[Result "1/2-1/2"]
[WhiteElo "2180"]
[BlackElo "1855"]
[PlyCount "69"]
[EventDate "2022.01.15"]
[EventRounds "9"]
[EventCountry "CZE"]

1. Nf3 d5 2. d4 Nf6 3. c4 e6 4. g3 Be7 5. Bg2 O-O 6. O-O Nbd7 7. Qc2 c6 8. Rd1
Ne4 9. Ne1 f5 10. f3 Nd6 11. b3 b5 12. Nd2 bxc4 13. bxc4 Ba6 14. c5 Nc4 15.
Nxc4 Bxc4 16. Nd3 Bf6 17. e3 Qc7 18. Bd2 e5 19. Bc3 Rae8 20. Re1 Re7 21. f4
exd4 22. exd4 Bxd3 23. Qxd3 Rfe8 24. Kf2 g6 25. Rxe7 Rxe7 26. Re1 Rxe1 27. Kxe1
Kf7 28. Kd2 Nf8 29. Qa6 Ne6 30. Kd3 h6 31. Bf3 Qd7 32. Bd1 Nd8 33. Ba5 Qe7 34.
Bf3 Qd7 35. Bxd8  1/2-1/2

[Event "Marienbad Open 2022 - D Seniors Open"]
[Site "Continental hotel, Marianske Lazne"]
[Date "2022.01.17"]
[Round "3"]
[Board "2"]
[White "Palek, Miroslav"]
[Black "Danko, Jiri"]
[Result "1-0"]
[WhiteElo "2115"]
[BlackElo "1800"]
[PlyCount "65"]
[EventDate "2022.01.15"]
[EventRounds "9"]
[EventCountry "CZE"]

1. d4 Nf6 2. g3 e6 3. Bg2 d5 4. Nf3 c5 5. O-O Nc6 6. c4 Be7 7. Nc3 O-O 8. cxd5
exd5 9. Bf4 h6 10. Rc1 g5 11. Be5 Ng4 12. h3 Ngxe5 13. Nxe5 cxd4 14. Nxc6 bxc6
15. Qxd4 Bf6 16. Qc5 Bd7 17. Rfd1 Qb6 18. Qd6 Be6 19. Na4 Qb5 20. Qxc6 Qxe2 21.
Re1 Qd2 22. Red1 Qe2 23. Bf1 Qe5 24. Nc5 Rae8 25. b4 h5 26. Nd7 Bxd7 27. Qxd7
Rd8 28. Qxa7 h4 29. Re1 Qb2 30. Rb1 Qd2 31. Qa6 hxg3 32. Qxf6 gxf2+ 33. Qxf2
 1-0

[Event "Marienbad Open 2022 - D Seniors Open"]
[Site "Continental hotel, Marianske Lazne"]
[Date "2022.01.17"]
[Round "3"]
[Board "4"]
[White "Voegerl, Ronald"]
[Black "Yakimenko, Alexander A."]
[Result "0-1"]
[WhiteElo "1904"]
[BlackElo "2055"]
[PlyCount "34"]
[EventDate "2022.01.15"]
[EventRounds "9"]
[EventCountry "CZE"]

1. d4 e6 2. c4 Nf6 3. Nf3 b6 4. g3 Ba6 5. Qa4 Be7 6. Bg2 Bb7 7. O-O O-O 8. Nc3
Ne4 9. Qc2 Nxc3 10. bxc3 f5 11. Qb3 Be4 12. Rd1 Qe8 13. Bf4 Nc6 14. a4 Na5 15.
Qa2 c5 16. Nd2 Bxg2 17. Kxg2 g5  0-1

[Event "Marienbad Open 2022 - D Seniors Open"]
[Site "Continental hotel, Marianske Lazne"]
[Date "2022.01.17"]
[Round "3"]
[Board "5"]
[White "Van Kesteren, Stef"]
[Black "Paldus, Petr"]
[Result "0-1"]
[WhiteElo "1834"]
[BlackElo "1977"]
[PlyCount "78"]
[EventDate "2022.01.15"]
[EventRounds "9"]
[EventCountry "CZE"]

1. e4 e5 2. Nf3 Nc6 3. d4 exd4 4. Bc4 Bc5 5. c3 Nf6 6. e5 d5 7. exd6 Qxd6 8.
Qe2+ Qe7 9. Qxe7+ Kxe7 10. O-O Re8 11. Bf4 Bb6 12. cxd4 Nxd4 13. Nxd4 Bxd4 14.
Nc3 Be6 15. Bxe6 fxe6 16. Bxc7 Bxc3 17. bxc3 Rac8 18. Be5 Red8 19. Bd4 b6 20.
a4 Rd5 21. a5 bxa5 22. Bxa7 Rb5 23. Rfc1 Rc4 24. Be3 Nd5 25. Bd2 a4 26. Kf1 Kd6
27. Ra3 Rb2 28. Ke1 Kc5 29. g3 e5 30. h4 h5 31. Kd1 Rb3 32. Rca1 Kb5 33. Rxb3+
axb3 34. Ra8 Nxc3+ 35. Bxc3 Rxc3 36. Rb8+ Ka4 37. Ra8+ Kb4 38. Ra1 b2 39. Rb1
Kb3  0-1

[Event "Marienbad Open 2022 - D Seniors Open"]
[Site "Continental hotel, Marianske Lazne"]
[Date "2022.01.18"]
[Round "4"]
[Board "2"]
[White "Paldus, Petr"]
[Black "Adrian, Claude"]
[Result "0-1"]
[WhiteElo "1977"]
[BlackElo "2180"]
[PlyCount "56"]
[EventDate "2022.01.15"]
[EventRounds "9"]
[EventCountry "CZE"]

1. e4 e6 2. d4 d5 3. exd5 exd5 4. Nf3 Bg4 5. c4 Nf6 6. Nc3 Bb4 7. Qb3 Nc6 8.
Be3 Bxf3 9. gxf3 O-O 10. O-O-O Bxc3 11. Qxc3 a5 12. c5 Qd7 13. Bd3 Qh3 14. Bf4
g6 15. Bb1 Rfe8 16. Bxc7 Re2 17. Bg3 Rae8 18. f4 Qf5 19. a3 Ne4 20. Bxe4 R2xe4
21. Rhe1 R8e6 22. Rxe4 Rxe4 23. f3 Re8 24. b4 axb4 25. axb4 Ra8 26. b5 Na5 27.
Qa3 Qf6 28. Rd3 Kg7  0-1

[Event "Marienbad Open 2022 - D Seniors Open"]
[Site "Continental hotel, Marianske Lazne"]
[Date "2022.01.18"]
[Round "4"]
[Board "3"]
[White "Yakimenko, Alexander A."]
[Black "Spanton, Tim R"]
[Result "1-0"]
[WhiteElo "2055"]
[BlackElo "1825"]
[PlyCount "95"]
[EventDate "2022.01.15"]
[EventRounds "9"]
[EventCountry "CZE"]

1. e4 e5 2. Nf3 Nc6 3. Bb5 Nf6 4. O-O Nxe4 5. Re1 Nd6 6. Nxe5 Nxe5 7. Rxe5+ Be7
8. Bf1 O-O 9. d4 Bf6 10. Re1 Nf5 11. c3 d5 12. Bf4 c6 13. Nd2 Nd6 14. Qf3 Bg5
15. a4 Qf6 16. Bxg5 Qxg5 17. Qe3 Qxe3 18. fxe3 Bf5 19. c4 Nxc4 20. Nxc4 dxc4
21. Bxc4 Rfe8 22. b4 a6 23. Kf2 Kf8 24. Rac1 Be4 25. Rc3 Red8 26. Rec1 Rd6 27.
Bf1 Rf6+ 28. Kg1 Ke7 29. Rc5 Rd8 30. Ra1 Rd5 31. Ra2 Rdf5 32. Rxf5 Rxf5 33. Rf2
Rxf2 34. Kxf2 Bc2 35. a5 Be4 36. h4 h5 37. Be2 g6 38. Bf3 Bd5 39. e4 Be6 40.
Ke3 Kd6 41. Kf4 Bc4 42. Kg5 Be6 43. Kf6 Bc4 44. g3 Bb3 45. g4 hxg4 46. Bxg4 Ba2
47. e5+ Kd5 48. e6  1-0

[Event "Marienbad Open 2022 - D Seniors Open"]
[Site "Continental hotel, Marianske Lazne"]
[Date "2022.01.18"]
[Round "4"]
[Board "4"]
[White "Palkova, Hana"]
[Black "Tesar, Jan"]
[Result "1/2-1/2"]
[WhiteElo "1855"]
[BlackElo "1962"]
[PlyCount "90"]
[EventDate "2022.01.15"]
[EventRounds "9"]
[EventCountry "CZE"]

1. d4 d5 2. c4 e5 3. dxe5 d4 4. Nf3 Nc6 5. a3 Nge7 6. e3 Bg4 7. Be2 Bxf3 8.
Bxf3 d3 9. O-O g6 10. Bd2 Bg7 11. Bc3 O-O 12. Bxc6 Nxc6 13. f4 f6 14. exf6 Bxf6
15. Rf2 Qd7 16. Bxf6 Rxf6 17. b4 Re6 18. Rf3 Ne7 19. Qd2 c6 20. Nc3 Rd8 21. Re1
Nf5 22. Nd1 Re4 23. Qc3 d2 24. Ref1 Qe6 25. c5 Rc4 26. Qb3 Qd5 27. Nb2 Rc1 28.
Qxd5+ Rxd5 29. Nd1 Rd3 30. Kf2 Rxa3 31. Ke2 Rb1 32. g4 Ne7 33. f5 Rxb4 34. fxg6
Nxg6 35. h3 b6 36. cxb6 axb6 37. Rf7 Ra8 38. Rc7 c5 39. Rff7 Nf8 40. Rg7+ Kh8
41. Rge7 Rd8 42. Rc6 c4 43. Rb7 Ng6 44. Rcc7 Nf8 45. Rc6 Ng6  1/2-1/2

[Event "Marienbad Open 2022 - D Seniors Open"]
[Site "Continental hotel, Marianske Lazne"]
[Date "2022.01.18"]
[Round "4"]
[Board "5"]
[White "Simecek, Jan"]
[Black "Malinovsky, Petr"]
[Result "1/2-1/2"]
[WhiteElo "1820"]
[BlackElo "1979"]
[PlyCount "47"]
[EventDate "2022.01.15"]
[EventRounds "9"]
[EventCountry "CZE"]

{[%evp 0,12,19,31,19,23,19,0,33,37,39,3,50,11,21]} 1. d4 d5 2. Nf3 e6 3. c4 c6
4. Nc3 dxc4 5. e3 b5 6. a4 Bb4 7. axb5 cxb5 8. Bd2 Bxc3 9. Bxc3 a5 10. b3 Bb7
11. bxc4 b4 12. Bd2 Nf6 13. Bd3 Ne4 14. O-O Nd7 15. Be1 O-O 16. Qc2 f5 17. Nd2
Ndf6 18. f3 Nxd2 19. Bxd2 Qc7 20. Be1 Qc6 21. Qb2 Rfc8 22. Bg3 Qb6 23. Rfb1 Ba6
24. Qb3  1/2-1/2

[Event "Marienbad Open 2022 - D Seniors Open"]
[Site "Continental hotel, Marianske Lazne"]
[Date "2022.01.18"]
[Round "5"]
[Board "1"]
[White "Palek, Miroslav"]
[Black "Yakimenko, Alexander A."]
[Result "1-0"]
[WhiteElo "2115"]
[BlackElo "2055"]
[PlyCount "87"]
[EventDate "2022.01.15"]
[EventRounds "9"]
[EventCountry "CZE"]

1. e4 e6 2. d4 d5 3. Nc3 Bb4 4. a3 Bxc3+ 5. bxc3 dxe4 6. Qg4 Nf6 7. Qxg7 Rg8 8.
Qh6 b6 9. a4 Rg6 10. Qd2 Bb7 11. a5 Nbd7 12. Ne2 c5 13. Ba3 Qc7 14. h3 Nh5 15.
c4 e5 16. d5 Nf4 17. g3 Nxe2 18. Bxe2 Nf6 19. Bb2 Kf8 20. g4 Re8 21. O-O-O bxa5
22. Qe3 a4 23. Ba3 Rc8 24. g5 Ne8 25. Qxe4 Nd6 26. Qd3 Ba6 27. Qc3 Nf5 28. Bg4
Nd4 29. Rxd4 exd4 30. Qxd4 Kg8 31. Qe4 Rb8 32. f4 Rgb6 33. Kd2 Rb4 34. Bxb4
cxb4 35. Be2 b3 36. Bd3 f5 37. gxf6 b2 38. Rg1+ Kf8 39. Qe6 Qxf4+ 40. Ke2 Qh2+
41. Kf3 Qxg1 42. Qe7+ Kg8 43. f7+ Kh8 44. Qe5+  1-0

[Event "Marienbad Open 2022 - D Seniors Open"]
[Site "Continental hotel, Marianske Lazne"]
[Date "2022.01.18"]
[Round "5"]
[Board "2"]
[White "Adrian, Claude"]
[Black "Macho, Miloslav"]
[Result "1-0"]
[WhiteElo "2180"]
[BlackElo "1679"]
[PlyCount "73"]
[EventDate "2022.01.15"]
[EventRounds "9"]
[EventCountry "CZE"]

1. Nf3 g6 2. c4 Bg7 3. d4 c5 4. e4 Nc6 5. d5 Ne5 6. Nxe5 Bxe5 7. Be2 d6 8. O-O
Bg7 9. f4 f5 10. exf5 Bxf5 11. g4 Bd4+ 12. Kh1 Be4+ 13. Bf3 Bxf3+ 14. Qxf3 Qd7
15. Nc3 Bxc3 16. Qxc3 O-O-O 17. Qxh8 Nf6 18. Qg7 Qxg4 19. Qf7 Qh4 20. Qe6+ Kc7
21. Bd2 Ng4 22. Qe2 Rf8 23. Be1 Qh3 24. Bg3 Rf7 25. Rae1 Nh6 26. Qg2 Qg4 27.
Qf3 Qh3 28. f5 Kd8 29. Qg2 Qh5 30. fxg6 Rg7 31. gxh7 Rxh7 32. Qf3 Qg6 33. Re6
Qc2 34. Rxh6 Rxh6 35. Qf8+ Kd7 36. Qxh6 Qe4+ 37. Kg1  1-0